|
|
|
|
| LEADER |
00000nam a22000007a 4500 |
| 005 |
20130228160348.0 |
| 007 |
cr|||| |||| |
| 008 |
130228e2013 sp |||||s|||| 00||0 spa d |
| 020 |
|
|
|a 978-84-940751-2-4
|
| 035 |
|
|
|a 7275
|
| 040 |
|
|
|a vLex
|
| 090 |
|
|
|c 3787
|d 3787
|
| 100 |
1 |
0 |
|a Fernǹdez Fernǹdez, Rodolfo
|
| 245 |
1 |
3 |
|a El contrato electrn̤ico
|b formacin̤ y cumplimiento
|h [Recurso electrn̤ico]
|
| 256 |
|
|
|a Servicio en ln̕ea
|
| 260 |
|
|
|a Barcelona :
|b J.M. Bosch Editor,
|c 2013
|
| 300 |
|
|
|a 1 Recurso electrn̤ico
|
| 650 |
0 |
4 |
|a Administracin̤ electrn̤ica
|z Espaą
|
| 650 |
0 |
4 |
|a Contratacin̤ electrn̤ica
|z Espaą
|
| 740 |
|
|
|a vLex Libros (Servicio en ln̕ea)
|
| 856 |
|
|
|a Acceso restringido
|u http://www.vlex.com/source/7275
|
| 942 |
|
|
|c BOOK
|
| 999 |
|
0 |
|a Internet in public administration
|